[Event "Young Stars of the World 2012"]
[Site "Kirishi RUS"]
[Date "2012.05.12"]
[Round "1.1"]
[White "Izzat, Kanan"]
[Black "Artemiev, Vladislav"]
[Result "0-1"]
[WhiteElo "2341"]
[BlackElo "2459"]
[PlyCount "110"]
[EventDate "2012.05.12"]
[EventType "tourn"]
[EventRounds "11"]
[EventCountry "RUS"]
[EventCategory "6"]
[Source "lmi"]
[SourceDate "2012.05.12"]

1. d4 Nf6 2. Nf3 g6 3. c4 Bg7 4. Nc3 d5 5. Bg5 Ne4 6. Bh4 Nxc3 7. bxc3 c5 8. e3
Nc6 9. cxd5 Qxd5 10. Be2 cxd4 11. cxd4 e5 12. dxe5 Qa5+ 13. Qd2 Qxd2+ 14. Kxd2
Nxe5 15. Nxe5 Bxe5 16. Rab1 O-O 17. Rhc1 b6 18. f4 Bd6 19. Bf3 Rb8 20. Rc6 Bf5
21. Rxd6 Bxb1 22. Bd5 Rbe8 23. g4 Be4 24. Bb3 Bf3 25. h3 Bg2 26. f5 gxf5 27.
gxf5 Bxh3 28. Bc2 Rc8 29. Bd3 Rc5 30. e4 Re8 31. a4 Bg2 32. Bf2 Ra5 33. Bb5
Rxe4 34. Bd4 Rxd4+ 35. Rxd4 h5 36. Bd3 Rd5 37. Rf4 Kg7 38. f6+ Kh6 39. Ke3 Kg5
40. Rf2 Bh3 41. Bc4 Rd7 42. Ke4 Bg4 43. a5 bxa5 44. Ra2 Kxf6 45. Rxa5 h4 46.
Bd5 Be6 47. Ba8 h3 48. Kf4 Rc7 49. Ra6 Ke7 50. Ke3 Kd7 51. Kf4 Kc8 52. Ke5 Kb8
53. Be4 h2 54. Ra1 Bc8 55. Rb1+ Rb7 0-1

[Event "Young Stars of the World 2012"]
[Site "Kirishi RUS"]
[Date "2012.05.12"]
[Round "1.2"]
[White "Chigaev, Maksim"]
[Black "Boruchovsky, Avital"]
[Result "1-0"]
[WhiteElo "2438"]
[BlackElo "2434"]
[PlyCount "87"]
[EventDate "2012.05.12"]
[EventType "tourn"]
[EventRounds "11"]
[EventCountry "RUS"]
[EventCategory "6"]
[Source "lmi"]
[SourceDate "2012.05.12"]

1. e4 e5 2. Nf3 Nc6 3. Nc3 g6 4. d4 exd4 5. Nd5 Bg7 6. Bg5 Nce7 7. Nxd4 c6 8.
Nxe7 Nxe7 9. Qd2 h6 10. Bh4 d5 11. O-O-O g5 12. Bg3 dxe4 13. Qe3 Qb6 14. Qxe4
f5 15. Qe2 Bxd4 16. Rxd4 Qxd4 17. Be5 Qe4 18. Bxh8 Qxe2 19. Bxe2 Kf8 20. Re1
Nd5 21. Bh5 Bd7 22. Be5 b5 23. g3 Kg8 24. Bd4 a5 25. b3 b4 26. Kb2 a4 27. Bf3
axb3 28. Bxd5+ cxd5 29. cxb3 Rc8 30. Re5 Bb5 31. Rxd5 Bd3 32. Bc5 Be4 33. Re5
Kf7 34. f3 Bxf3 35. Rxf5+ Kg6 36. Rxf3 Rxc5 37. a3 bxa3+ 38. Kxa3 Rc2 39. h3 h5
40. b4 Rc8 41. b5 g4 42. hxg4 hxg4 43. Re3 Kf5 44. Kb4 1-0

[Event "Young Stars of the World 2012"]
[Site "Kirishi RUS"]
[Date "2012.05.12"]
[Round "1.3"]
[White "Oparin, Grigoriy"]
[Black "Belous, Vladimir"]
[Result "1/2-1/2"]
[WhiteElo "2494"]
[BlackElo "2518"]
[PlyCount "62"]
[EventDate "2012.05.12"]
[EventType "tourn"]
[EventRounds "11"]
[EventCountry "RUS"]
[EventCategory "6"]
[Source "lmi"]
[SourceDate "2012.05.12"]

1. e4 c5 2. Nf3 Nc6 3. Nc3 e5 4. Bc4 Be7 5. d3 d6 6. O-O Nf6 7. Ng5 O-O 8. f4
Bg4 9. Qe1 exf4 10. Bxf4 Nd4 11. Qd2 h6 12. Nf3 Nxf3+ 13. gxf3 Be6 14. Rae1 Kh7
15. Kh1 Nd7 16. Qg2 Ne5 17. Bd5 Ng6 18. Bd2 Qd7 19. Bxe6 fxe6 20. Rg1 Qe8 21.
f4 Qf7 22. Ref1 Bf6 23. Ne2 d5 24. c3 Rad8 25. Ng3 dxe4 26. dxe4 Rd3 27. Bc1
Nh4 28. Qe2 c4 29. Nh5 g6 30. Nxf6+ Qxf6 31. Be3 e5 1/2-1/2

[Event "Young Stars of the World 2012"]
[Site "Kirishi RUS"]
[Date "2012.05.12"]
[Round "1.4"]
[White "Codenotti, Marco"]
[Black "Sanal, Vahap"]
[Result "0-1"]
[WhiteElo "2345"]
[BlackElo "2277"]
[PlyCount "94"]
[EventDate "2012.05.12"]
[EventType "tourn"]
[EventRounds "11"]
[EventCountry "RUS"]
[EventCategory "6"]
[Source "lmi"]
[SourceDate "2012.05.12"]

1. e4 e6 2. d4 d5 3. Nd2 dxe4 4. Nxe4 Nf6 5. Nxf6+ gxf6 6. Bf4 c5 7. dxc5 Bxc5
8. Qxd8+ Kxd8 9. Be2 Nc6 10. c3 e5 11. Be3 Bxe3 12. fxe3 Rg8 13. Bf3 f5 14. Kf2
Be6 15. Ne2 Ke7 16. b3 a5 17. Rhd1 a4 18. c4 e4 19. Bh5 Rg5 20. Nf4 Nb4 21. Be2
a3 22. Bf1 Rgg8 23. Ne2 Nc6 24. Nd4 Ne5 25. Be2 Bd7 26. g3 Rg6 27. Rf1 Nc6 28.
Rad1 Rd6 29. Nxc6+ Bxc6 30. Ke1 Rxd1+ 31. Kxd1 Bd7 32. Kc2 Ra6 33. Kc3 Rh6 34.
Rf2 Rd6 35. c5 Rd5 36. b4 Be6 37. Rf1 Rd8 38. b5 Rd5 39. Kb4 Rd2 40. Bc4 Rb2+
41. Kc3 Rxh2 42. Bxe6 fxe6 43. b6 Rxa2 44. c6 bxc6 45. b7 Rb2 46. Rh1 Kd6 47.
Rxh7 Rb5 0-1

[Event "Young Stars of the World 2012"]
[Site "Kirishi RUS"]
[Date "2012.05.12"]
[Round "1.5"]
[White "Mammadov, Zaur"]
[Black "Vakhidov, Jahongir"]
[Result "1-0"]
[WhiteElo "2393"]
[BlackElo "2439"]
[PlyCount "79"]
[EventDate "2012.05.12"]
[EventType "tourn"]
[EventRounds "11"]
[EventCountry "RUS"]
[EventCategory "6"]
[Source "lmi"]
[SourceDate "2012.05.12"]

1. e4 c5 2. c3 d5 3. exd5 Qxd5 4. d4 Nc6 5. Nf3 Bf5 6. Be2 cxd4 7. cxd4 Bxb1 8.
Rxb1 e6 9. O-O Bd6 10. b4 Nf6 11. b5 Ne7 12. Ne5 Bxe5 13. dxe5 Qxe5 14. Bb2 Qg5
15. Rc1 O-O 16. Rc7 Nfd5 17. Rxb7 Nf4 18. Bf3 Rad8 19. Rd7 Neg6 20. g3 Nh4 21.
Bc6 Rxd7 22. Qxd7 Rd8 23. Qxa7 Qg4 24. Qb6 Rc8 25. Qe3 e5 26. Kh1 Nf5 27. Qxe5
Ne6 28. Qe4 Qh3 29. Qg2 Qg4 30. b6 Qe2 31. b7 Rd8 32. f4 Qa6 33. Rc1 Ne3 34.
Qf3 Nc4 35. Ba1 Qxa2 36. Bd5 Qd2 37. Rxc4 Qe1+ 38. Kg2 Qxa1 39. Rc8 Qb2+ 40.
Kh3 1-0

[Event "Young Stars of the World 2012"]
[Site "Kirishi RUS"]
[Date "2012.05.13"]
[Round "2.1"]
[White "Artemiev, Vladislav"]
[Black "Antal, Tibor Kende"]
[Result "1-0"]
[WhiteElo "2459"]
[BlackElo "2345"]
[PlyCount "75"]
[EventDate "2012.05.12"]
[EventType "tourn"]
[EventRounds "11"]
[EventCountry "RUS"]
[EventCategory "6"]
[Source "lmi"]
[SourceDate "2012.05.12"]

1. c4 e6 2. Nf3 Nf6 3. g3 d5 4. b3 b6 5. Bg2 Bb7 6. O-O Be7 7. Bb2 O-O 8. e3 c5
9. Nc3 dxc4 10. bxc4 Nc6 11. Qe2 Qc7 12. Rac1 a6 13. Rfd1 Rfd8 14. d3 Rab8 15.
Na4 e5 16. Nc3 Na5 17. e4 Nd7 18. Nd5 Bxd5 19. cxd5 Qd6 20. Bh3 Bf6 21. Bc3 Nb7
22. Qb2 Re8 23. Bxd7 Qxd7 24. Nxe5 Qa4 25. Nc4 Bxc3 26. Qxc3 b5 27. Nb6 Qxa2
28. Rc2 Qa5 29. Qxa5 Nxa5 30. Nd7 Rbc8 31. Nxc5 Nb3 32. d4 Rxe4 33. d6 Rxd4 34.
Rxd4 Nxd4 35. d7 Rf8 36. Ra2 Ne6 37. Nxe6 fxe6 38. Rc2 1-0

[Event "Young Stars of the World 2012"]
[Site "Kirishi RUS"]
[Date "2012.05.13"]
[Round "2.2"]
[White "Vakhidov, Jahongir"]
[Black "Stjazhkina, Anna"]
[Result "1-0"]
[WhiteElo "2439"]
[BlackElo "2107"]
[PlyCount "65"]
[EventDate "2012.05.12"]
[EventType "tourn"]
[EventRounds "11"]
[EventCountry "RUS"]
[EventCategory "6"]
[Source "lmi"]
[SourceDate "2012.05.12"]

1. Nf3 d6 2. d4 Nf6 3. g3 g6 4. Bg2 Bg7 5. O-O O-O 6. c4 Nbd7 7. Nc3 c6 8. h3
h6 9. Re1 e5 10. e4 Re8 11. Be3 exd4 12. Nxd4 Nc5 13. Qc2 a5 14. Rad1 Qe7 15.
f4 Nfxe4 16. Nxe4 Nxe4 17. Bxe4 c5 18. Bf2 cxd4 19. Bxg6 Qf8 20. Bh7+ Kh8 21.
Rxe8 Qxe8 22. Re1 Qf8 23. Bd3 Bxh3 24. Qe2 Qc8 25. Qh5 Be6 26. f5 Bxc4 27. Rc1
b5 28. b3 d5 29. f6 Bf8 30. bxc4 bxc4 31. Qxf7 cxd3 32. Rxc8 Rxc8 33. Be1 1-0

[Event "Young Stars of the World 2012"]
[Site "Kirishi RUS"]
[Date "2012.05.13"]
[Round "2.3"]
[White "Sanal, Vahap"]
[Black "Mammadov, Zaur"]
[Result "1/2-1/2"]
[WhiteElo "2277"]
[BlackElo "2393"]
[PlyCount "212"]
[EventDate "2012.05.12"]
[EventType "tourn"]
[EventRounds "11"]
[EventCountry "RUS"]
[EventCategory "6"]
[Source "lmi"]
[SourceDate "2012.05.12"]

1. e4 c6 2. d4 d5 3. Nc3 dxe4 4. Nxe4 Nf6 5. Nxf6+ exf6 6. c3 Bd6 7. Bd3 O-O 8.
Qc2 h6 9. Ne2 Qc7 10. Be3 Be6 11. O-O-O b5 12. Kb1 Nd7 13. g3 Qa5 14. Nc1 Nb6
15. Bf4 Bb8 16. Bh7+ Kh8 17. Bf5 Bd5 18. Rhe1 Bxf4 19. gxf4 b4 20. Be4 bxc3 21.
Qxc3 Bxe4+ 22. Rxe4 Qf5 23. f3 Nd5 24. Qc5 Qh5 25. Qxc6 Rfc8 26. Qa6 Rab8 27.
Nb3 Qxf3 28. Qe2 Qh3 29. Ka1 Rd8 30. Qd2 Qf3 31. Qe2 Qh3 32. Qd2 Nb4 33. Nc5 f5
34. Re2 Qf3 35. a3 Nc6 36. Re3 Qd5 37. Qf2 Kh7 38. Red3 Rb5 39. Qc2 Rdb8 40.
Na4 Na5 41. b4 Nb7 42. Nc3 Qc6 43. d5 Qf6 44. Ka2 Rb6 45. Na4 Ra6 46. Nc5 Rd6
47. Re3 a5 48. Nxb7 Rxb7 49. bxa5 g6 50. Re5 Qd8 51. Qd2 Rb5 52. a6 Rxa6 53.
Re3 Rab6 54. Qd4 Rd6 55. Red3 Qe8 56. Rc3 Qb8 57. Rc5 Rb3 58. Rd3 Rb1 59. Rc8
Qxc8 60. Kxb1 Qe8 61. Ka2 Qe1 62. Qb4 Qe2+ 63. Rd2 Qa6 64. Qc5 h5 65. Qb4 Rb6
66. Qc5 Rb5 67. Qd4 Qb7 68. Qc4 Rb6 69. d6 Qd7 70. Qd5 Rb5 71. Qc4 Rb7 72. a4
Ra7 73. Ka3 Qe8 74. Qd4 Rd7 75. Qe5 Qa8 76. Qd5 Qa7 77. Rd3 Qg1 78. a5 Qc1+ 79.
Ka4 Qxf4+ 80. Kb5 Qc1 81. a6 Qc8 82. Qc6 Qb8+ 83. Kc4 Qd8 84. Rd4 Qe8 85. Kc5
Qe5+ 86. Qd5 Qe8 87. Rb4 Rd8 88. Rb7 Qe3+ 89. Kb5 Qe2+ 90. Kb6 Qf2+ 91. Kc7 Rf8
92. a7 Qc2+ 93. Qc6 Rc8+ 94. Kxc8 Qxc6+ 95. Kb8 Qxd6+ 96. Rc7 Qd8+ 97. Kb7 Qd5+
98. Kb8 Qb5+ 99. Kc8 Qa4 100. Kb8 Qb4+ 101. Kc8 Qa3 102. Kb8 Qb2+ 103. Kc8 Qa1
104. Kb8 Qb2+ 105. Kc8 Qh8+ 106. Kb7 Qb2+ 1/2-1/2

[Event "Young Stars of the World 2012"]
[Site "Kirishi RUS"]
[Date "2012.05.13"]
[Round "2.4"]
[White "Belous, Vladimir"]
[Black "Codenotti, Marco"]
[Result "1-0"]
[WhiteElo "2518"]
[BlackElo "2345"]
[PlyCount "68"]
[EventDate "2012.05.12"]
[EventType "tourn"]
[EventRounds "11"]
[EventCountry "RUS"]
[EventCategory "6"]
[Source "lmi"]
[SourceDate "2012.05.12"]

1. d4 Nf6 2. c4 g6 3. Nc3 d5 4. Nf3 Bg7 5. Qb3 dxc4 6. Qxc4 a6 7. Qb3 O-O 8. e4
b5 9. e5 Nfd7 10. e6 fxe6 11. Be3 Nf6 12. h4 Nc6 13. Bd3 Qd6 14. Rc1 Bb7 15. h5
Nxh5 16. Rxh5 gxh5 17. Ng5 Nxd4 18. Bxh7+ Kh8 19. Qd1 Nf3+ 20. gxf3 Qxd1+ 21.
Rxd1 Bxf3 22. Rd7 b4 23. Nce4 Bg4 24. Bg6 Bf6 25. Nxf6 Rxf6 26. Be4 Re8 27. Bc5
e5 28. Bxe7 Rd6 29. Rxd6 Rxe7 30. Rh6+ Kg7 31. Rg6+ Kf8 32. Rxa6 Kg7 33. f3 Bd7
34. Rg6+ Kf8 1-0

[Event "Young Stars of the World 2012"]
[Site "Kirishi RUS"]
[Date "2012.05.13"]
[Round "2.5"]
[White "Boruchovsky, Avital"]
[Black "Oparin, Grigoriy"]
[Result "1/2-1/2"]
[WhiteElo "2434"]
[BlackElo "2494"]
[PlyCount "173"]
[EventDate "2012.05.12"]
[EventType "tourn"]
[EventRounds "11"]
[EventCountry "RUS"]
[EventCategory "6"]
[Source "lmi"]
[SourceDate "2012.05.12"]

1. e4 c5 2. c3 Nf6 3. e5 Nd5 4. d4 cxd4 5. cxd4 d6 6. Nf3 e6 7. Bc4 Nc6 8. O-O
Be7 9. exd6 Qxd6 10. Nc3 Nxc3 11. bxc3 O-O 12. Re1 b6 13. Ng5 Bxg5 14. Bxg5 Bb7
15. Qg4 Rfe8 16. Bf6 Qf8 17. Re3 Ne7 18. Bd3 Ng6 19. Bg5 Rac8 20. h4 f5 21. Qh3
h6 22. h5 Ne7 23. Bxe7 Rxe7 24. Rae1 Rxc3 25. Rxe6 Rxe6 26. Rxe6 Be4 27. Rxe4
Rc1+ 28. Kh2 fxe4 29. Qe6+ Qf7 30. Qxe4 Qxh5+ 31. Kg3 Rc7 32. Bc2 Qg5+ 33. Kh2
Rxc2 34. Qxc2 Qh4+ 35. Kg1 Qxd4 36. Qc8+ Kh7 37. Qc2+ g6 38. Qc7+ Qg7 39. Qc4
Qd7 40. g3 h5 41. Kh2 b5 42. Qf4 a5 43. Kg1 b4 44. Qc4 Qb7 45. Qb3 Qc7 46. Kg2
Qc6+ 47. Kg1 Kg7 48. Qe3 Qc7 49. Kh2 Kh7 50. Qb3 h4 51. Kh3 hxg3 52. fxg3 Kg7
53. Qb2+ Qc3 54. Qf2 Qe5 55. Qd2 Qe6+ 56. Kh2 Kh7 57. Qf2 Qe7 58. Qc2 Qd7 59.
Qb2 Qb5 60. Qf2 Qh5+ 61. Kg2 Qd5+ 62. Kh2 Kg7 63. Kg1 Qf5 64. Qd4+ Kf7 65. Qa7+
Kf6 66. Qd4+ Qe5 67. Qb6+ Kf5 68. Qf2+ Kg4 69. Kh2 a4 70. Qg2 Qh8+ 71. Kg1 Qd4+
72. Kh2 a3 73. Qe2+ Kg5 74. Qe7+ Kh6 75. Qf8+ Kh7 76. Qe7+ Qg7 77. Qd6 Qf7 78.
Qxb4 Qxa2+ 79. Kh3 Qe6+ 80. Kh2 a2 81. Qh4+ Kg7 82. Qd4+ Kg8 83. Qd8+ Kf7 84.
Qc7+ Kf6 85. Qf4+ Qf5 86. Qd4+ Ke6 87. Qb6+ 1/2-1/2

[Event "Young Stars of the World 2012"]
[Site "Kirishi RUS"]
[Date "2012.05.13"]
[Round "2.6"]
[White "Izzat, Kanan"]
[Black "Chigaev, Maksim"]
[Result "1/2-1/2"]
[WhiteElo "2341"]
[BlackElo "2438"]
[PlyCount "47"]
[EventDate "2012.05.12"]
[EventType "tourn"]
[EventRounds "11"]
[EventCountry "RUS"]
[EventCategory "6"]
[Source "lmi"]
[SourceDate "2012.05.12"]

1. d4 Nf6 2. c4 g6 3. Nc3 Bg7 4. e4 d6 5. h3 O-O 6. Nf3 Qe8 7. Be2 Na6 8. Be3
e5 9. d5 Nh5 10. g3 f5 11. exf5 gxf5 12. Nh4 Nf6 13. Qd2 Bd7 14. Bh6 Qf7 15. g4
Ne4 16. Nxe4 Bxh6 17. Qxh6 fxe4 18. Nf5 Kh8 19. Rg1 Bxf5 20. gxf5 Rg8 21. Bg4
Nb4 22. Kd2 b5 23. Qe6 Raf8 24. Bh5 1/2-1/2

[Event "Young Stars of the World 2012"]
[Site "Kirishi RUS"]
[Date "2012.05.14"]
[Round "3.1"]
[White "Chigaev, Maksim"]
[Black "Artemiev, Vladislav"]
[Result "1/2-1/2"]
[WhiteElo "2438"]
[BlackElo "2459"]
[PlyCount "103"]
[EventDate "2012.05.12"]
[EventType "tourn"]
[EventRounds "11"]
[EventCountry "RUS"]
[EventCategory "6"]
[Source "lmi"]
[SourceDate "2012.05.12"]

1. e4 c5 2. Nf3 e6 3. d4 cxd4 4. Nxd4 a6 5. Nc3 Qc7 6. Be2 Nf6 7. O-O Nc6 8.
Be3 d6 9. f4 Be7 10. a4 O-O 11. Kh1 Re8 12. a5 Nxa5 13. e5 dxe5 14. fxe5 Qxe5
15. Bf4 Qc5 16. Na4 Qa7 17. Be3 Nd5 18. Bg1 b5 19. Nxb5 Qb8 20. Nbc3 Nxc3 21.
bxc3 Nc6 22. Nb6 Bb7 23. Nxa8 Qxa8 24. Bf3 Qc8 25. Qe2 a5 26. Rfb1 Ba8 27. Bb6
Bd8 28. Bxd8 Rxd8 29. Rd1 Rf8 30. Qe3 Ne7 31. Bxa8 Qxa8 32. Qc5 Nf5 33. Qxa5
Qc8 34. Qe5 h6 35. Rd3 Qc4 36. Rad1 Kh7 37. Rf1 Ra8 38. Kg1 Ra2 39. Qe2 Qa4 40.
Rd2 Qc6 41. g4 Nh4 42. Qd3+ f5 43. gxf5 exf5 44. Qg3 Qf6 45. Rd6 Qe7 46. Rd4
Ng6 47. Qd3 Qg5+ 48. Kh1 Ra5 49. c4 Re5 50. Qf3 Qe7 51. Rd5 Re2 52. Rxf5
1/2-1/2

[Event "Young Stars of the World 2012"]
[Site "Kirishi RUS"]
[Date "2012.05.14"]
[Round "3.2"]
[White "Oparin, Grigoriy"]
[Black "Izzat, Kanan"]
[Result "1-0"]
[WhiteElo "2494"]
[BlackElo "2341"]
[PlyCount "51"]
[EventDate "2012.05.12"]
[EventType "tourn"]
[EventRounds "11"]
[EventCountry "RUS"]
[EventCategory "6"]
[Source "lmi"]
[SourceDate "2012.05.12"]

1. e4 c6 2. d4 d5 3. e5 c5 4. Nf3 Nc6 5. c4 cxd4 6. Nxd4 e6 7. Nc3 Bc5 8. Nxc6
bxc6 9. Qg4 g6 10. Bd3 f5 11. Qg3 d4 12. Ne2 Bb4+ 13. Kf1 Bb7 14. h4 Be7 15. c5
Qd5 16. h5 g5 17. Bxg5 O-O-O 18. Nf4 Qxe5 19. Re1 Qc7 20. Nxe6 Qxg3 21. fxg3
Bxg5 22. Nxg5 Nf6 23. Nf7 Rdf8 24. Nxh8 Ne4 25. Rh4 Nxc5 26. Bc4 1-0

[Event "Young Stars of the World 2012"]
[Site "Kirishi RUS"]
[Date "2012.05.14"]
[Round "3.3"]
[White "Codenotti, Marco"]
[Black "Boruchovsky, Avital"]
[Result "0-1"]
[WhiteElo "2345"]
[BlackElo "2434"]
[PlyCount "152"]
[EventDate "2012.05.12"]
[EventType "tourn"]
[EventRounds "11"]
[EventCountry "RUS"]
[EventCategory "6"]
[Source "lmi"]
[SourceDate "2012.05.12"]

1. e4 e5 2. Nf3 Nc6 3. d4 exd4 4. Nxd4 g6 5. Nc3 Bg7 6. Be3 Nf6 7. Nxc6 bxc6 8.
e5 Ng8 9. Bc4 d5 10. Nxd5 Be6 11. Bg5 Qxg5 12. Nxc7+ Kf8 13. Qd6+ Qe7 14. Nxa8
Qxd6 15. exd6 Bxc4 16. O-O-O Ke8 17. b3 Be6 18. Nc7+ Kd8 19. Nxe6+ fxe6 20. d7
Nf6 21. Rd6 Kc7 22. Rhd1 Rd8 23. Rxe6 Rxd7 24. Rxd7+ Kxd7 25. Re2 Nd5 26. c4
Nf4 27. Rd2+ Kc7 28. g3 Ne6 29. f4 Bc3 30. Rd3 Bd4 31. Kd2 Bc5 32. Rf3 h5 33.
Kd3 Ng7 34. Ke4 Kd6 35. h3 Ne8 36. Rd3+ Ke7 37. f5 Nd6+ 38. Kf4 Nxf5 39. Kg5
Kf7 40. Rd7+ Ne7 41. Kf4 Kf6 42. g4 g5+ 43. Ke4 hxg4 44. hxg4 Ke6 45. Rb7 a5
46. Rb8 Bb4 47. Ra8 Kf6 48. Ra6 Ke6 49. Ra8 Kf6 50. Kd4 Ke6 51. Ra6 Kd6 52. a3
Bxa3 53. Rxa5 Bc1 54. b4 Bd2 55. Ra4 Bxb4 56. Ra2 Ng8 57. Rb2 Nf6 58. Rg2 Bc5+
59. Kd3 Ba3 60. Kd4 Bc5+ 61. Kc3 Be3 62. Kd3 Bc1 63. Rg1 Bf4 64. Kd4 Be5+ 65.
Kd3 Kc5 66. Rg2 Bf4 67. Kc3 Nd7 68. Ra2 Ne5 69. Ra5+ Kd6 70. Kd4 Nxg4 71. c5+
Ke6 72. Ra6 Ne5 73. Ke4 Bd2 74. Ra8 Nd7 75. Re8+ Kf7 76. Rd8 Ke7 0-1

[Event "Young Stars of the World 2012"]
[Site "Kirishi RUS"]
[Date "2012.05.14"]
[Round "3.4"]
[White "Mammadov, Zaur"]
[Black "Belous, Vladimir"]
[Result "1/2-1/2"]
[WhiteElo "2393"]
[BlackElo "2518"]
[PlyCount "125"]
[EventDate "2012.05.12"]
[EventType "tourn"]
[EventRounds "11"]
[EventCountry "RUS"]
[EventCategory "6"]
[Source "lmi"]
[SourceDate "2012.05.12"]

1. e4 c5 2. c3 Nf6 3. e5 Nd5 4. Nf3 Nc6 5. Bc4 Nb6 6. Bb3 c4 7. Bc2 d5 8. exd6
Qxd6 9. O-O Bg4 10. h3 Bh5 11. Qe2 Qf6 12. Be4 O-O-O 13. b3 Ne5 14. g4 Nxf3+
15. Qxf3 Qxf3 16. Bxf3 Bg6 17. Na3 h5 18. Re1 hxg4 19. hxg4 e6 20. Nxc4 Nxc4
21. bxc4 Rd3 22. Kg2 Bd6 23. Re3 Bf4 24. Rxd3 Bxd3 25. c5 e5 26. Bd5 Rh2+ 27.
Kf3 f5 28. Be6+ Kc7 29. gxf5 Rh3+ 30. Kg2 Rh5 31. Kf3 Rh3+ 32. Kg2 Rh4 33. Bd5
Rh2+ 34. Kf3 Bf1 35. c4 Rh3+ 36. Kg4 Rh2 37. d4 Be2+ 38. f3 Rg2+ 39. Kh5 Bxc1
40. Rxc1 exd4 41. Rb1 b6 42. cxb6+ axb6 43. Kh4 d3 44. Rb2 Rg1 45. Be4 Kd6 46.
Bxd3 Bxd3 47. Rd2 Ke5 48. Rxd3 Kxf5 49. Rd7 g5+ 50. Kh3 Rh1+ 51. Kg3 Rg1+ 52.
Kf2 Rc1 53. Kg3 Rg1+ 54. Kf2 Rc1 55. Rd5+ Kf4 56. Rd4+ Ke5 57. Re4+ Kf5 58. a4
Ra1 59. c5 bxc5 60. Rc4 Kf6 61. Ke3 Ra3+ 62. Ke4 Ke6 63. Rxc5 1/2-1/2

[Event "Young Stars of the World 2012"]
[Site "Kirishi RUS"]
[Date "2012.05.14"]
[Round "3.5"]
[White "Stjazhkina, Anna"]
[Black "Sanal, Vahap"]
[Result "1/2-1/2"]
[WhiteElo "2107"]
[BlackElo "2277"]
[PlyCount "215"]
[EventDate "2012.05.12"]
[EventType "tourn"]
[EventRounds "11"]
[EventCountry "RUS"]
[EventCategory "6"]
[Source "lmi"]
[SourceDate "2012.05.12"]

1. c4 Nf6 2. Nc3 e6 3. e4 d5 4. e5 d4 5. exf6 dxc3 6. bxc3 Qxf6 7. d4 c5 8. Nf3
cxd4 9. cxd4 Bb4+ 10. Bd2 Bxd2+ 11. Qxd2 Nc6 12. Rd1 O-O 13. Bd3 e5 14. d5 e4
15. Bxe4 Re8 16. O-O Rxe4 17. dxc6 Qxc6 18. Qd8+ Qe8 19. Qxe8+ Rxe8 20. Nd4 Kf8
21. f3 Bd7 22. Nb5 Red8 23. Rfe1 a6 24. Nd4 Rac8 25. Rc1 Be8 26. Nf5 Rc7 27.
Kf1 f6 28. Ne3 Bf7 29. Rc2 Rdc8 30. Rec1 Rc5 31. a3 g5 32. g3 Be6 33. Ke2 Kf7
34. Kf2 Rd8 35. Ke2 f5 36. Rb1 Rd7 37. f4 gxf4 38. gxf4 Rdc7 39. Rbc1 b6 40.
Ke1 Ra5 41. Rc3 Rac5 42. R3c2 Kf6 43. Ke2 R7c6 44. Kf3 Bf7 45. Kf2 Rd6 46. Rc3
Rd4 47. Kg3 Re4 48. R1c2 b5 49. Nd5+ Kg7 50. Ne3 bxc4 51. Kf3 Rd4 52. Rc1 Kf6
53. R1c2 Rc8 54. Rb2 Rc6 55. Rb4 Bh5+ 56. Kg3 Bf7 57. Kf3 h5 58. h4 Be6 59. Rb8
Bf7 60. Rb4 Re4 61. Rb7 Be6 62. Rb8 Rd6 63. Rf8+ Kg6 64. Rb8 Rdd4 65. Ng2 Kf6
66. Rb6 a5 67. Rb5 Bd5 68. Kg3 Re8 69. Ne3 Rg8+ 70. Kh3 Be6 71. Rb6 Rc8 72. Kg3
Rc7 73. Kf3 Rc5 74. Ra6 Ke7 75. Ra7+ Rd7 76. Ra6 Rb7 77. Ra8 Rb3 78. Ra7+ Kf6
79. Rc1 c3 80. Nc2 Rd5 81. Ke3 Rc5 82. Ra6 Rb8 83. Nd4 Re8 84. Kd3 Kf7 85. Rxc3
Rd5 86. Rc7+ Kf8 87. Kc3 Bf7 88. Rf6 Re3+ 89. Kc2 Re7 90. Rc4 Kg7 91. Rfc6 Re3
92. R6c5 Rxa3 93. Rxd5 Bxd5 94. Rc5 Be4+ 95. Kb2 Rd3 96. Nxf5+ Kf6 97. Nh6 Kg6
98. Re5 Rd4 99. Ng8 a4 100. Kc3 Rd3+ 101. Kc4 a3 102. Rxe4 a2 103. Re1 Ra3 104.
Ra1 Kf7 105. Nh6+ Kg6 106. Ng8 Kf7 107. Nh6+ Kg6 108. Ng8 1/2-1/2

[Event "Young Stars of the World 2012"]
[Site "Kirishi RUS"]
[Date "2012.05.14"]
[Round "3.6"]
[White "Antal, Tibor Kende"]
[Black "Vakhidov, Jahongir"]
[Result "0-1"]
[WhiteElo "2345"]
[BlackElo "2439"]
[PlyCount "62"]
[EventDate "2012.05.12"]
[EventType "tourn"]
[EventRounds "11"]
[EventCountry "RUS"]
[EventCategory "6"]
[Source "lmi"]
[SourceDate "2012.05.12"]

1. e4 g6 2. d4 Bg7 3. Nc3 c6 4. Nf3 d6 5. Be3 b5 6. Qd2 Nd7 7. a4 b4 8. Na2 a5
9. c3 Ngf6 10. Bd3 c5 11. O-O O-O 12. dxc5 Nxc5 13. Bxc5 dxc5 14. cxb4 cxb4 15.
Rfd1 Qb6 16. Nc1 Ng4 17. h3 Bh6 18. Qe1 Nxf2 19. Kh2 Nxd1 20. Qxd1 Rd8 21. Qe2
Bxc1 22. Rxc1 Qd6+ 23. e5 Qxd3 24. Qxd3 Rxd3 25. Rc7 Rd7 26. Rc5 e6 27. Ng5 Bb7
28. Rb5 h6 29. Nf3 Bxf3 30. gxf3 Rd5 31. Rb7 Rxe5 0-1

[Event "Young Stars of the World 2012"]
[Site "Kirishi RUS"]
[Date "2012.05.15"]
[Round "4.1"]
[White "Artemiev, Vladislav"]
[Black "Vakhidov, Jahongir"]
[Result "1-0"]
[WhiteElo "2459"]
[BlackElo "2439"]
[PlyCount "60"]
[EventDate "2012.05.12"]
[EventType "tourn"]
[EventRounds "11"]
[EventCountry "RUS"]
[EventCategory "6"]
[Source "lmi"]
[SourceDate "2012.05.12"]

1. c4 Nf6 2. Nc3 g6 3. g3 Bg7 4. Bg2 O-O 5. Nf3 Nc6 6. O-O a6 7. d4 d6 8. Qd3
d5 9. cxd5 Nxd5 10. Rd1 Nb6 11. d5 Na7 12. Nd4 Bd7 13. Bf4 Nac8 14. Ne6 Bxe6
15. dxe6 Qxd3 16. Rxd3 c6 17. exf7+ Kxf7 18. Ne4 h6 19. Nc5 Nd6 20. Bxd6 exd6
21. Nxb7 d5 22. Rc1 Nc4 23. b3 Ne5 24. Rd2 g5 25. Na5 Rac8 26. Nxc6 Ke8 27.
Bxd5 Rf6 28. Rdc2 Nd7 29. Nd4 Rxc2 30. Rxc2 Rd6 1-0

[Event "Young Stars of the World 2012"]
[Site "Kirishi RUS"]
[Date "2012.05.15"]
[Round "4.2"]
[White "Sanal, Vahap"]
[Black "Antal, Tibor Kende"]
[Result "1-0"]
[WhiteElo "2277"]
[BlackElo "2345"]
[PlyCount "133"]
[EventDate "2012.05.12"]
[EventType "tourn"]
[EventRounds "11"]
[EventCountry "RUS"]
[EventCategory "6"]
[Source "lmi"]
[SourceDate "2012.05.12"]

1. e4 c5 2. Nf3 d6 3. d4 cxd4 4. Nxd4 Nf6 5. Nc3 a6 6. Bg5 e6 7. f4 Qc7 8. Bxf6
gxf6 9. Nb3 h5 10. Be2 h4 11. Bg4 b5 12. a3 Nc6 13. Bh3 Bd7 14. O-O O-O-O 15.
Qe2 Qb6+ 16. Kh1 Be7 17. a4 b4 18. a5 Qb7 19. Na4 Kb8 20. Nb6 Na7 21. Nd4 Nb5
22. Rfd1 Nxd4 23. Nxd7+ Rxd7 24. Rxd4 Rc8 25. Rad1 Rdc7 26. Qe1 Rc4 27. Bg4 Qa7
28. c3 bxc3 29. bxc3 Rxc3 30. f5 e5 31. Rb4+ Ka8 32. Rb6 Bd8 33. Rbxd6 Bxa5 34.
Be2 Bb6 35. Qd2 Qb7 36. Rb1 Rc2 37. Qd1 R2c6 38. Rxc6 Rxc6 39. Qa4 Qc7 40.
Qxa6+ Ba7 41. Qa3 Qd6 42. Qa4 h3 43. gxh3 Qc5 44. Ba6 Rb6 45. Qe8+ Bb8 46. Bb5
Qc3 47. Rf1 Ka7 48. Qxf7+ Bc7 49. Qa2+ Kb8 50. Qg8+ Ka7 51. Qd5 Rd6 52. Qa2+
Qa5 53. Qb3 Rd2 54. Rc1 Rd4 55. Bc6 Rb4 56. Qc3 Rd4 57. Qb3 Rb4 58. Qg8 Rb8 59.
Qg1+ Bb6 60. Ra1 Bxg1 61. Rxa5+ Kb6 62. Rb5+ Kxc6 63. Rxb8 Be3 64. Re8 Kc5 65.
Kg2 Kd4 66. Kf3 Bg5 67. Rd8+ 1-0